Efektívnosť investícií z hľadiska vonkajších ekonomických vzťahov čiastková výskumná správa č. 907 109/2

Guardado en:
Detalles Bibliográficos
Formato: Libro
Lenguaje:eslovaco
Publicado: Bratislava Vysoká škola ekonomická 1982
Etiquetas: Agregar Etiqueta
Sin Etiquetas, Sea el primero en etiquetar este registro!

MARC

LEADER 00000nam a2200000 4500
001 c134767
005 20250520130949.3
041 0 |a slo 
044 |a SK 
245 1 0 |a Efektívnosť investícií z hľadiska vonkajších ekonomických vzťahov  |b čiastková výskumná správa č. 907 109/2 
264 1 |a Bratislava  |b Vysoká škola ekonomická  |c 1982 
300 |a 35 s.